Score 0/23 Timer 06:00
17 Plays Today
Description Name % Correct
The King, Lord of the whole wood, and son of the Emperor across the SeaAslan
95.5%
Queen ______ the Valiant (youngest sibling)Lucy Pevensie
91.7%
King ______ the Magnificent, The High King (oldest sibling)Peter Pevensie
91.3%
King _______ the Just (third oldest)Edmund Pevensie
87.4%
Queen _____ the Gentle (second oldest)Susan Pevensie
86.8%
The True King of Narnia, and Emperor of the Lone IslandsPrince Caspian
83.4%
The last queen of Charn, which she herself destroyedJadis
70%
A cousin of the Pevensie familyEustace Clarence Scrubb
54.6%
The Chief Mouse, and perhaps the most valiant knight in all of NarniaReepicheep
50.4%
The heroine of The Silver ChairJill Pole
47%
There at the very beginning, if it were not for his courage we might never have heard of NarniaDigory Kirke
46.3%
The first person to leave our worldPolly Plummer
43.4%
Description Name % Correct
A great war horse kidnapped as a foal from the forests of Narnia and sold as a slave-horse in CalormenBree
42.8%
The adopted son of a Calormene fishermanShasta
38.9%
He thinks he is a magician, but like all who meddle with magic, he doesn't really know what he is doingUncle Andrew
35%
A Telmarine of the land of Telmar and the usurper of the throne of NarniaMiraz
32%
A marsh-wiggle from the eastern marshes of NarniaPuddleglum
31.8%
A donkey, who never meant any harmPuzzle
30.8%
A Tarkheena, a Calormene noblewomanAravis
30.2%
An old and ugly ape, who decides that he should be in charge of NarniaShift
26.7%
The lost prince of NarniaPrince Rilian
26%
The last king of NarniaKing Tirian
25.4%
A good-natured sensible horse and another slave taken from NarniaHwin
23.4%
Come Together.
Have Fun.
All Virtual.
We all need to come together. Play Sporcle's virtual live trivia to have fun, connect with people, and get your trivia on. Join a live hosted trivia game for your favorite pub trivia experience done virtually. If a virtual private party is more your thing, go here for details.

You're not logged in!

Compare scores with friends on all Sporcle quizzes.
OR
Log In

Sporcle TV

Today on Sporcle TV


Watch our educational content, quiz creation guides, and fun videos on Sporcle TV.

Show Comments

Extras

Top Quizzes Today


Score Distribution

Paid Content

Your Account Isn't Verified!

In order to create a playlist on Sporcle, you need to verify the email address you used during registration. Go to your Sporcle Settings to finish the process.

Report this User

Report this user for behavior that violates our Community Guidelines.

Details: